Essentials of accounting / (Record no. 3581)

000 -LEADER
fixed length control field 01083cam a22002894a 4500
001 - CONTROL NUMBER
control field 12923310
003 - CONTROL NUMBER IDENTIFIER
control field OSt
005 - DATE AND TIME OF LATEST TRANSACTION
control field 20161014153120.0
008 - FIXED-LENGTH DATA ELEMENTS--GENERAL INFORMATION
fixed length control field 020909s2003 njua 000 0 eng
010 ## - LIBRARY OF CONGRESS CONTROL NUMBER
LC control number 2002035490
020 ## - INTERNATIONAL STANDARD BOOK NUMBER
International Standard Book Number 0130406724 (softcover)
040 ## - CATALOGING SOURCE
Original cataloging agency DLC
Transcribing agency DLC
Modifying agency DLC
042 ## - AUTHENTICATION CODE
Authentication code pcc
050 00 - LIBRARY OF CONGRESS CALL NUMBER
Classification number HF5635.A68 2003
082 00 - DEWEY DECIMAL CLASSIFICATION NUMBER
Classification number 657
Edition number 21
100 1# - MAIN ENTRY--PERSONAL NAME
Personal name Anthony, Robert N.
Fuller form of name (Robert Newton),
Dates associated with a name 1916-2006.
245 10 - TITLE STATEMENT
Title Essentials of accounting /
Statement of responsibility, etc Robert N. Anthony and Leslie Pearlman Breitner.
250 ## - EDITION STATEMENT
Edition statement 8th ed.
260 ## - PUBLICATION, DISTRIBUTION, ETC. (IMPRINT)
Place of publication, distribution, etc Upper Saddle River, NJ :
Name of publisher, distributor, etc Prentice Hall,
Date of publication, distribution, etc c2003.
300 ## - PHYSICAL DESCRIPTION
Extent vi, 216 p. :
Other physical details ill. ;
Dimensions 28 cm. +
Accompanying material 1 answer booklet
500 ## - GENERAL NOTE
General note "Halfway through the book, the pages reverse so that the response column will always be on the right side of the page"--Prelim. p. vi.
650 #0 - SUBJECT ADDED ENTRY--TOPICAL TERM
Topical term or geographic name as entry element Accounting.
700 1# - ADDED ENTRY--PERSONAL NAME
Personal name Breitner, Leslie Pearlman.
906 ## - LOCAL DATA ELEMENT F, LDF (RLIN)
a 7
b cbc
c orignew
d 1
e ocip
f 20
g y-gencatlg
942 ## - ADDED ENTRY ELEMENTS (KOHA)
Source of classification or shelving scheme
Koha item type Book
Holdings
Withdrawn status Lost status Source of classification or shelving scheme Damaged status Not for loan Home library Current library Shelving location Date acquired Total Checkouts Full call number Barcode Checked out Date last seen Date checked out Copy number Price effective from Koha item type
          Riara University Library Riara University Library General stack 14/10/2016 2 HF5635.A68 2003 8574/16 15/04/2026 30/03/2026 30/03/2026 C.1 14/10/2016 Book

Riara University Library,
P.O. Box 49940-00100,
Nairobi, Kenya.